El tiempo vuela (Registro nro. 3860)

Detalles MARC
000 -CABECERA
Longitud fija campo de control 01294nam a2200349Ia 4500
005 - • FECHA Y HORA DE LA ÚLTIMA TRANSACCIÓN
Fecha y hora de la última transacción 20220317000354.0
007 - • CAMPO FIJO DE DESCRIPCIÓN FÍSICA
Campo fijo de descripción física ta
008 - • CÓDIGOS DE INFORMACIÓN DE LONGITUD FIJA
Códigos de información de longitud fija 210813s2010 s a0 sbr 0 s p s d
020 ## - • NÚMERO INTERNACIONAL NORMALIZADO PARA LIBROS
Número Internacional Normalizado para Libros (ISBN) 9788492608171
040 ## - FUENTE DE LA CATALOGACIÓN
Centro catalogador de origen CO-BoRNBP
Lengua de catalogación spa
Centro transcriptor CO-BoRNBP
Normas de descripción rda
084 ## - • Clasificación Local Alfanúmerica PNLB
Número de clasificación P MES2
100 1# - • PUNTO DE ACCESO PRINCIPAL-NOMBRE DE PERSONA
Nombre de persona Mésseder, Joäo Pedro
Término indicativo de función autor
Fechas asociadas al nombre 1957-
245 13 - • TITULO PROPIAMENTE DICHO
Título El tiempo vuela
Mención de responsabilidad, etc. del texto Joao Pedro Mésseder ; de las ilustraciones Gémeo Luís ; de la traducción de Xosé Ballesteros
250 ## - • MENCIÓN DE EDICIÓN
Mención de edición Primera edición
264 #1 - PRODUCCIÓN, PUBLICACIÓN , DISTRIBUCIÓN, FABRICACIÓN Y COPYRIGHT
Lugar de producción, publicación, distribución, fabricación Sevilla, Madrid
Nombre del productor, editor, distribuidor, fabricante Kalandraka Ediciones
Fecha de de producción, publicación, distribución, fabricación o copyright 2010
300 ## - • DESCRIPCIÓN FÍSICA
Extensión [28] páginas
Otras características físicas ilustraciones
Dimensiones 23 cm
336 ## - TIPO DE CONTENIDO
Término de tipo de contenido texto
Código de tipo de contenido txt
Fuente rdacontent
337 ## - TIPO DE MEDIO
Nombre del tipo de medio sin mediación
Código del tipo de medio n
Fuente rdamedia
338 ## - TIPO DE SOPORTE
Nombre del tipo de soporte volumen
Código del tipo de soporte nc
Fuente rdacarrier
490 0# - • MENCIÓN DE SERIE
Mención de serie Libros para soñar
521 ## - • NOTA DE PÚBLICO DESTINATARIO
Nota público destinatario (R ) Recomendado para un público infantil mayor de 3 años
534 ## - • Nota De Versión Original
Título Trocar às voltas ao tempo
650 17 - • PUNTO DE ACCESO ADICIONAL DE MATERIA - TÉRMINO DE MATERIA
Término de materia o nombre geográfico como elemento inicial Poesía infantil portuguesa
Subdivisión cronológica Siglo XX
Fuente del encabezamiento o término LEMB
650 17 - • PUNTO DE ACCESO ADICIONAL DE MATERIA - TÉRMINO DE MATERIA
Término de materia o nombre geográfico como elemento inicial Literatura infantil portuguesa
Subdivisión cronológica Siglo XX
Fuente del encabezamiento o término LEMB
650 17 - • PUNTO DE ACCESO ADICIONAL DE MATERIA - TÉRMINO DE MATERIA
Término de materia o nombre geográfico como elemento inicial Autores portugueses
Subdivisión cronológica Siglo XX
Fuente del encabezamiento o término LEMB
650 17 - • PUNTO DE ACCESO ADICIONAL DE MATERIA - TÉRMINO DE MATERIA
Término de materia o nombre geográfico como elemento inicial Tiempo
Subdivisión de forma Poesía
Fuente del encabezamiento o término LEMB
650 17 - • PUNTO DE ACCESO ADICIONAL DE MATERIA - TÉRMINO DE MATERIA
Término de materia o nombre geográfico como elemento inicial Calendario
Subdivisión de forma Poesía
Fuente del encabezamiento o término LEMB
650 17 - • PUNTO DE ACCESO ADICIONAL DE MATERIA - TÉRMINO DE MATERIA
Término de materia o nombre geográfico como elemento inicial Relojes
Subdivisión de forma Poesía
Fuente del encabezamiento o término LEMB
700 1# - • PUNTO DE ACCESO ADICIONAL - NOMBRE DE PERSONA
Nombre de persona Ballesteros, Xosé
Término indicativo de función traductor
700 1# - • PUNTO DE ACCESO ADICIONAL - NOMBRE DE PERSONA
Nombre de persona Luís, Gémeo
Fechas asociadas al nombre 1965-
Término indicativo de función ilustrador
942 ## - ENTRADA DE ELEMENTOS AGREGADOS (KOHA)
Fuente de clasificaión o esquema
Koha [por defecto] tipo de item Libro Literatura

No hay ítems disponibles.










Instituto Departamental de Cultura del Meta - Red Departamental de Bibliotecas Públicas del Meta.